Quizzes
Events
Quiz Creation
Community
Videos
Private Events
Remove Ads
Sign In
Join for FREE
Feedback
Dark Mode
Quiz Categories
Sports
Geography
Music
Movies
Television
Just For Fun
Miscellaneous
History
Literature
Language
Science
Gaming
Entertainment
Religion
Holiday
For Kids
Quiz Lab
Recent
Popular Today
Quiz Kudos Today
Editor Picks
Curator Picks
Quizzes by...
Day
Popularity
Type
Ratings
Length
Year
Community
Subscriptions
Recent Discussions
Orange Saloon
Badges
Playlists
Quests
Create
Leaderboards
Showdown
Live 5
Trivia Bingo
Activity
Puzzle Library
Sporcle Events
Private Events
Virtual Trivia
Globe League
Become a Host
Pub Owners
SporcleCon
Opinionation
Our Games
Videos
Blog
Mobile Apps
Partnerships
Remove Ads and Go Orange
Feedback
Geography
Country
Landmarks
City
State
Population
World
Capital
Continent
Flags
Europe
Africa
Asia
South America
North America
Oceania
Border
Canada
United Kingdom
Topography
United States
Geography
Country
Landmarks
City
State
Population
World
Capital
Continent
Flags
Europe
Africa
Asia
South America
North America
Oceania
Border
Canada
United Kingdom
Topography
United States
Random Quiz
Search Sporcle
×
Quiz Lab
Quiz Lab
Geography
Europe
Click on regions of an image
Click on regions of an image
Picture Click
Best Score? Go Orange.
Islands of Europe Stats
Can you pick the Islands of Europe? (See game note for hint)
By
themaltesefalcon
8m
60 Questions
326 Plays
326 Plays
326 Plays
Comments
Comments
Give Quiz Kudos
Give Quiz Kudos
-
- Ratings
hide this ad
More Info
Forced Order
Answers have to be entered in order
Answers have to be entered in order
Replay
Link that replays current quiz
Next Quiz
Link to next quiz in quiz playlist
You Got
0%
They Got
Avg Score
50%
Avg Friend Score
Upgrade to see
Score Distribution
Jump to the score distribution portion of the page
Score
0/60
Timer
08:00
0
Plays Today
% Correct
Iceland
91.8%
Ireland
91.2%
Great Britain
90.6%
Cyprus
90%
Crete
89%
Sicily
87.1%
Corsica
87.1%
Malta
86.2%
Majorca
85.3%
Faroe Islands
85.3%
Sardinia
85%
Isle of Man
82.1%
Mainland
82.1%
Archipelago Toscano
77.8%
Gotland
73.4%
Rhodes
71.8%
Menorca
71.2%
Dalmatians
68%
Guernsey
67.4%
Jersey
66.5%
Santorini
65.2%
Sjaelland
64.6%
West Frisian Islands
64.1%
Åland
63.9%
Lesbos
62.1%
Brač
60.8%
Saaremaa
60.8%
East Frisian Islands
60%
Marmara Adasi
59.5%
Harris
58.1%
% Correct
Ithaca
56.4%
Bornholm
56.4%
Île de Ré
56.1%
Korfu
54.2%
Hiiumaa
54.2%
Ibiza
53%
Thasos
51.1%
Solovetsky
51.1%
Pantelleria
51.1%
Gozo
50.5%
Rügen
49.5%
Fyn
46.7%
Turku Archipelago
46.4%
Krk
45.8%
Öland
45.4%
Lofoten
45.3%
Vendsyssel
40.5%
Lolland
38.9%
Samos
38.9%
Lampedusa
37.3%
Sylt
35.4%
DWSI
34.9%
Læsø
34.4%
Gogland
32.2%
Fehmarn
32.1%
Föhr
31.3%
Hitra
30.4%
Replot
30.4%
Usedom
29.5%
Hailuoto
23.2%
Quiz Playlist
Details
Report
Send in Message
Add To Playlist
More Info:
Gozo is in the sea to the left of Malta, both islands are too close to each other to be accurately represented on the map.
Picture Click:
Click on regions of an image
Forced Order:
Answers have to be entered in order
Last Updated: Feb 26, 2018
Quiz Scoreboard
CHALLENGE
Sign Up to Join the Scoreboard
Show All
Scores
Hide
Comments
May contain spoilers
Recently Published
Movies - When Are They Set?
by FPL_Elf
Movies
5m
Popular People in 1961
by mucciniale
History
6m
1-10 Letter E Words III
by El_Dandy
Language
2m
More to Explore
Quiz From the Vault
Featured Blog Post
Where Did the Easter Bunny Come From?
hide this ad
You Might Also Like...
Tags
Europe Quiz
island
note
Today's Top Quizzes in Geography
Browse Geography
hide this ad
Today's Top Quizzes in Europe
Browse Europe
Top Contributed Quizzes in Geography
1
Countries of the World - No Outlines Minefield
2
Top 25 Cities of France on a map
3
Closest Countries to UK A-Z
4
African Flag Reveal XLV
5
Blind Ultimate Minefield: USA
6
One Thing in Common: United Kingdom
7
Blind Secret Country CLXXXVIII
8
One Thing in Common: Asia
9
Find the US States - No Outlines
10
One Thing in Common: Geography
Explore More
Trending Topics
Kpop
Disney
Harry Potter
Marvel
Anime
Crossword
NBA
NFL
Soccer
Puzzle
The Office
WWE
Song
Country
Pokémon
hide this ad
More By:
themaltesefalcon
Quiz
Plays
Rating
Category
Featured
Created
Regions of the World as Based on AP Human Geography
10,492
5.00
Geography
May 9, 2017
Ultimate Geography Challenge 'S'
452
Geography
Sep 6, 2016
Europe by Largest Religion
430
2.38
Religion
Sep 30, 2016
Asia in German
379
3.67
Geography
Oct 11, 2016
Islands of Europe
326
4.73
Geography
Mar 7, 2017
Go to Creator's Profile
Score Distribution
Quiz Creator Spotlight
themaltesefalcon
Follow
Send a Message
Quizzes Created
-
Created Quiz Play Count
-
More By This Creator
Popular Quizzes Today
1
Find the US States - No Outlines Minefield
2
Find the Countries of Europe - No Outlines Minefield
3
The Countries of the World
4
Popular People in 1961
5
1-10 Letter E Words III
6
US States
7
Find the US States
8
One Thing in Common: World Cities II
More Geography Quizzes
Acrostic Niger
Quiz Lab
Trending Quizzes
Risky Map Clicking: Least Populous States A-Z
1-10 Letter F Words
1-10 Letter G Words
One Thing in Common: United Kingdom
Risky Map Clicking: Next State Alphabetically
Recently Updated
Leaping Animals
pecheneg
Reality TV Shows (A-Z)
bhenderson79
Rickey Henderson's Hall of Fame Teammates
pecheneg
Champions League XIs: Arsenal
pecheneg
Quick Pick: Celebrities in WWE's Hall of Fame
aduchscher
A-Z Keypad Blitz II
pecheneg
Multiple Oscar Actors
pecheneg
Mystery Phrase Blitz: Oscar 'Best Actors'
pecheneg
F. Scott Fitzgerald Novels
LTH
Pick 3 Villains
ddd62291
Trending Topics
Kpop
NBA
Disney
Harry Potter
Anime
Marvel
Crossword
Country
Pokémon
Puzzle
Soccer
NFL
The Office
WWE
Song
Your Account Isn't Verified!
In order to create a playlist on Sporcle, you need to verify the email address you used during registration. Go to your
Sporcle Settings
to finish the process.
Report this User
Report this user for behavior that violates our
Community Guidelines
.
Details:
Send Report
Go to the Sporcle.com Mobile Site →
Comments